Africká únia bakalárska práca

Na minha lista:
Detalhes bibliográficos
Autor principal: Aronová, Michaela
Autor Corporativo: Fakulta medzinárodných vzťahov EU. Katedra medzinárodných ekonomických vzťahov a hospodárskej diplomacie
Outros Autores: Pajtinka, Viliam
Formato: Livro
Idioma:eslovaco
Publicado em: Bratislava 2013
Tags: Adicionar Tag
Sem tags, seja o primeiro a adicionar uma tag!

MARC

LEADER 00000nbm a2200000 4500
001 0172766
005 20161109112116.2
041 0 |a slo 
044 |a SK 
245 1 0 |a Africká únia  |b bakalárska práca  |c Michaela Aronová ; školiteľ: Viliam Pajtinka 
264 1 |a Bratislava  |c 2013 
300 |a 46 s. 
100 1 |a Aronová, Michaela 
700 1 |a Pajtinka, Viliam 
710 2 |a Fakulta medzinárodných vzťahov EU. Katedra medzinárodných ekonomických vzťahov a hospodárskej diplomacie